| 000 | 01150nac a22003251i 4500 | ||
|---|---|---|---|
| 003 | EG-ScBUE | ||
| 005 | 20230313095622.0 | ||
| 008 | 230313s2002 enka f b 001 0 eng d | ||
| 020 | _a0415259533 (pbk) | ||
| 020 | _a9780415259538 | ||
| 040 |
_aEG-ScBUE _beng _erda _cEG-ScBUE _dEG-ScBUE |
||
| 082 | 0 | 4 |
_a796.082 _bGEN _222 |
| 245 | 0 | 0 |
_aGender and sport : _ba reader / _cedited by Sheila Scraton and Anne Flintoff. |
| 264 | 1 |
_aLondon ; _aNew York : _bRoutledge, _c2002. |
|
| 300 |
_axvi, 311 pages : _billustrations ; _c24 cm |
||
| 336 |
_2rdacontent _atext _btxt |
||
| 337 |
_2rdamedia _aunmediated _bn |
||
| 338 |
_2rdacarrier _avolume _bnc |
||
| 504 | _aIncludes bibliographical references and index. | ||
| 650 | 7 |
_aSports _xSocial aspects. _2BUEsh |
|
| 650 | 7 |
_aSex discrimination in sports. _2BUEsh |
|
| 650 | 7 |
_aSex differences in sports. _2BUEsh |
|
| 650 | 7 |
_aFeminism. _2BUEsh |
|
| 653 | _bGGEN | ||
| 655 | _vReading book | ||
| 700 | 1 |
_aScraton, Sheila, _d1950- _eeditor. |
|
| 700 | 1 |
_aFlintoff, Anne, _d1958- _eeditor. |
|
| 856 | 4 | 2 |
_3Publisher description _uhttp://www.loc.gov/catdir/enhancements/fy0650/2001052003-d.html |
| 942 |
_cBB _2ddc |
||
| 999 |
_c8869 _d8869 |
||